<?xml version="1.0" encoding="UTF-8"?>
<record
    xmlns:xsi="http://www.w3.org/2001/XMLSchema-instance"
    xsi:schemaLocation="http://www.loc.gov/MARC21/slim http://www.loc.gov/standards/marcxml/schema/MARC21slim.xsd"
    xmlns="http://www.loc.gov/MARC21/slim">

  <leader>00783nam a2200277Ia 4500</leader>
  <controlfield tag="001">dia_1231</controlfield>
  <controlfield tag="003">CHAP</controlfield>
  <controlfield tag="005">20230126111055.0</controlfield>
  <controlfield tag="008">220117s1968    xx            000 0 und d</controlfield>
  <datafield tag="010" ind1=" " ind2=" ">
    <subfield code="a">171772</subfield>
  </datafield>
  <datafield tag="040" ind1=" " ind2=" ">
    <subfield code="c">CHAP</subfield>
  </datafield>
  <datafield tag="082" ind1=" " ind2=" ">
    <subfield code="a">531 P6</subfield>
  </datafield>
  <datafield tag="100" ind1=" " ind2=" ">
    <subfield code="a">Popov, Egor P.</subfield>
    <subfield code="9">90899</subfield>
  </datafield>
  <datafield tag="245" ind1=" " ind2=" ">
    <subfield code="a">Introducci&#xF3;n a la Mec&#xE1;nica de S&#xF3;lidos</subfield>
  </datafield>
  <datafield tag="260" ind1=" " ind2=" ">
    <subfield code="a">M&#xE9;xico, Limusa</subfield>
    <subfield code="c">1968</subfield>
  </datafield>
  <datafield tag="300" ind1=" " ind2=" ">
    <subfield code="a">652 pp. ilus.</subfield>
  </datafield>
  <datafield tag="650" ind1=" " ind2=" ">
    <subfield code="a">Deformaciones mec&#xE1;nicas </subfield>
    <subfield code="9">31506</subfield>
  </datafield>
  <datafield tag="650" ind1=" " ind2=" ">
    <subfield code="a">Esfuerzo y tensi&#xF3;n </subfield>
    <subfield code="9">37678</subfield>
  </datafield>
  <datafield tag="650" ind1=" " ind2=" ">
    <subfield code="a">Ingenier&#xED;a de estructuras </subfield>
    <subfield code="9">58217</subfield>
  </datafield>
  <datafield tag="650" ind1=" " ind2=" ">
    <subfield code="a">Resistencia de materiales </subfield>
    <subfield code="9">96123</subfield>
  </datafield>
  <datafield tag="650" ind1=" " ind2=" ">
    <subfield code="a">S&#xF3;lidos i. t,</subfield>
    <subfield code="9">150319</subfield>
  </datafield>
  <datafield tag="901" ind1=" " ind2=" ">
    <subfield code="a">531 P6</subfield>
  </datafield>
  <datafield tag="902" ind1=" " ind2=" ">
    <subfield code="a">M</subfield>
  </datafield>
  <datafield tag="905" ind1=" " ind2=" ">
    <subfield code="a">0000001968                          MX     0000000000SPA00</subfield>
  </datafield>
  <datafield tag="942" ind1=" " ind2=" ">
    <subfield code="c">LIBRO</subfield>
    <subfield code="2">ddc</subfield>
  </datafield>
  <datafield tag="999" ind1=" " ind2=" ">
    <subfield code="c">171772</subfield>
    <subfield code="d">171772</subfield>
  </datafield>
  <datafield tag="952" ind1=" " ind2=" ">
    <subfield code="0">0</subfield>
    <subfield code="1">0</subfield>
    <subfield code="2">ddc</subfield>
    <subfield code="4">0</subfield>
    <subfield code="7">0</subfield>
    <subfield code="8">GRAL</subfield>
    <subfield code="a">IA_</subfield>
    <subfield code="b">IA_</subfield>
    <subfield code="d">2022-01-18</subfield>
    <subfield code="f">1</subfield>
    <subfield code="l">0</subfield>
    <subfield code="o">531 P6</subfield>
    <subfield code="p">dia_4379</subfield>
    <subfield code="r">2022-01-18 00:00:00</subfield>
    <subfield code="t">9</subfield>
    <subfield code="w">2022-01-18</subfield>
    <subfield code="y">LIBRO</subfield>
  </datafield>
  <datafield tag="952" ind1=" " ind2=" ">
    <subfield code="0">0</subfield>
    <subfield code="1">0</subfield>
    <subfield code="2">ddc</subfield>
    <subfield code="4">0</subfield>
    <subfield code="5">1</subfield>
    <subfield code="7">0</subfield>
    <subfield code="8">GRAL</subfield>
    <subfield code="a">IA_</subfield>
    <subfield code="b">IA_</subfield>
    <subfield code="d">1978-12-29</subfield>
    <subfield code="e">Compra Patena F. 65209/15 / Vale 10944 (29-12-78) </subfield>
    <subfield code="g">144.50</subfield>
    <subfield code="l">0</subfield>
    <subfield code="o">531 P6</subfield>
    <subfield code="p">dia_1246</subfield>
    <subfield code="r">2022-01-18 00:00:00</subfield>
    <subfield code="t">Ej. 1</subfield>
    <subfield code="y">LIBRO</subfield>
  </datafield>
  <datafield tag="952" ind1=" " ind2=" ">
    <subfield code="0">0</subfield>
    <subfield code="1">0</subfield>
    <subfield code="2">ddc</subfield>
    <subfield code="4">0</subfield>
    <subfield code="5">5</subfield>
    <subfield code="7">0</subfield>
    <subfield code="8">GRAL</subfield>
    <subfield code="a">IA_</subfield>
    <subfield code="b">IA_</subfield>
    <subfield code="d">1978-12-29</subfield>
    <subfield code="e">Compra Patena F. 65209/15 / Vale 10944 (29-12-78) </subfield>
    <subfield code="g">144.50</subfield>
    <subfield code="l">0</subfield>
    <subfield code="o">531 P6</subfield>
    <subfield code="p">dia_1247</subfield>
    <subfield code="r">2022-01-18 00:00:00</subfield>
    <subfield code="t">Ej. 2</subfield>
    <subfield code="y">LIBRO</subfield>
  </datafield>
  <datafield tag="952" ind1=" " ind2=" ">
    <subfield code="0">0</subfield>
    <subfield code="1">0</subfield>
    <subfield code="2">ddc</subfield>
    <subfield code="4">0</subfield>
    <subfield code="5">5</subfield>
    <subfield code="7">0</subfield>
    <subfield code="8">GRAL</subfield>
    <subfield code="a">IA_</subfield>
    <subfield code="b">IA_</subfield>
    <subfield code="d">1978-12-29</subfield>
    <subfield code="e">Compra Librer&#xED;a Patena F. 65257 / Vale 10745 (29-12-1978)</subfield>
    <subfield code="g">144.50</subfield>
    <subfield code="i">C/e</subfield>
    <subfield code="l">0</subfield>
    <subfield code="o">531 P6</subfield>
    <subfield code="p">dia_1290</subfield>
    <subfield code="r">2022-01-18 00:00:00</subfield>
    <subfield code="t">Ej. 4</subfield>
    <subfield code="y">LIBRO</subfield>
  </datafield>
  <datafield tag="952" ind1=" " ind2=" ">
    <subfield code="0">0</subfield>
    <subfield code="1">0</subfield>
    <subfield code="2">ddc</subfield>
    <subfield code="4">0</subfield>
    <subfield code="5">5</subfield>
    <subfield code="7">0</subfield>
    <subfield code="8">GRAL</subfield>
    <subfield code="a">IA_</subfield>
    <subfield code="b">IA_</subfield>
    <subfield code="d">1978-12-29</subfield>
    <subfield code="e">Compra Librer&#xED;a Patena F. 65257 / Vale 10745 (29-12-1978)</subfield>
    <subfield code="g">144.50</subfield>
    <subfield code="i">C/e</subfield>
    <subfield code="l">0</subfield>
    <subfield code="o">531 P6</subfield>
    <subfield code="p">dia_1291</subfield>
    <subfield code="r">2022-01-18 00:00:00</subfield>
    <subfield code="t">Ej. 5</subfield>
    <subfield code="y">LIBRO</subfield>
  </datafield>
  <datafield tag="952" ind1=" " ind2=" ">
    <subfield code="0">0</subfield>
    <subfield code="1">0</subfield>
    <subfield code="2">ddc</subfield>
    <subfield code="4">0</subfield>
    <subfield code="5">5</subfield>
    <subfield code="7">0</subfield>
    <subfield code="8">GRAL</subfield>
    <subfield code="a">IA_</subfield>
    <subfield code="b">IA_</subfield>
    <subfield code="d">1978-12-29</subfield>
    <subfield code="e">Compra Librer&#xED;a Patena F. 65257 / Vale 10745 (29-12-1978)</subfield>
    <subfield code="g">144.50</subfield>
    <subfield code="i">C/e</subfield>
    <subfield code="l">0</subfield>
    <subfield code="o">531 P6</subfield>
    <subfield code="p">dia_1292</subfield>
    <subfield code="r">2022-01-18 00:00:00</subfield>
    <subfield code="t">Ej. 6</subfield>
    <subfield code="y">LIBRO</subfield>
  </datafield>
  <datafield tag="952" ind1=" " ind2=" ">
    <subfield code="0">0</subfield>
    <subfield code="1">0</subfield>
    <subfield code="2">ddc</subfield>
    <subfield code="4">0</subfield>
    <subfield code="5">5</subfield>
    <subfield code="7">0</subfield>
    <subfield code="8">GRAL</subfield>
    <subfield code="a">IA_</subfield>
    <subfield code="b">IA_</subfield>
    <subfield code="d">1978-12-29</subfield>
    <subfield code="e">Compra Librer&#xED;a Patena F. 65257 / Vale 10745 (29-12-1978)</subfield>
    <subfield code="g">144.50</subfield>
    <subfield code="i">C/e</subfield>
    <subfield code="l">0</subfield>
    <subfield code="o">531 P6</subfield>
    <subfield code="p">dia_1293</subfield>
    <subfield code="r">2022-01-18 00:00:00</subfield>
    <subfield code="t">Ej. 7</subfield>
    <subfield code="y">LIBRO</subfield>
  </datafield>
  <datafield tag="952" ind1=" " ind2=" ">
    <subfield code="0">0</subfield>
    <subfield code="1">0</subfield>
    <subfield code="2">ddc</subfield>
    <subfield code="4">0</subfield>
    <subfield code="5">5</subfield>
    <subfield code="7">0</subfield>
    <subfield code="8">GRAL</subfield>
    <subfield code="a">IA_</subfield>
    <subfield code="b">IA_</subfield>
    <subfield code="d">1978-12-29</subfield>
    <subfield code="e">Compra Librer&#xED;a Patena F. 65257 / Vale 10745 (29-12-1978)</subfield>
    <subfield code="g">144.50</subfield>
    <subfield code="i">C/e</subfield>
    <subfield code="l">0</subfield>
    <subfield code="o">531 P6</subfield>
    <subfield code="p">dia_1294</subfield>
    <subfield code="r">2022-01-18 00:00:00</subfield>
    <subfield code="t">Ej. 8</subfield>
    <subfield code="y">LIBRO</subfield>
  </datafield>
  <datafield tag="952" ind1=" " ind2=" ">
    <subfield code="0">0</subfield>
    <subfield code="1">0</subfield>
    <subfield code="2">ddc</subfield>
    <subfield code="4">0</subfield>
    <subfield code="5">5</subfield>
    <subfield code="7">0</subfield>
    <subfield code="8">GRAL</subfield>
    <subfield code="a">IA_</subfield>
    <subfield code="b">IA_</subfield>
    <subfield code="d">1978-12-29</subfield>
    <subfield code="e">Compra Librer&#xED;a Patena F. 65257 / Vale 10745 (29-12-1978)</subfield>
    <subfield code="g">144.50</subfield>
    <subfield code="i">C/e</subfield>
    <subfield code="l">0</subfield>
    <subfield code="o">531 P6</subfield>
    <subfield code="p">dia_2171</subfield>
    <subfield code="r">2022-01-18 00:00:00</subfield>
    <subfield code="t">Ej. 3</subfield>
    <subfield code="y">LIBRO</subfield>
  </datafield>
</record>
